ბათუმის შოთა რუსთაველის სახელმწიფო უნივერსიტეტის ბიბლიოთეკა

ბეჭდვითი ნაწარმოებთა აღწერილობის ერთიანი წესები (ბიბ.ჩანაწერი № 52805)

000 -LEADER
fixed length control field 00947nam a2200217Ia 4500
001 - CONTROL NUMBER
control field 19835
003 - CONTROL NUMBER IDENTIFIER
control field GE_BSU
008 - FIXED-LENGTH DATA ELEMENTS--GENERAL INFORMATION
fixed length control field 181216s||||||||xx |||||||||||||| ||und||
040 ## - CATALOGING SOURCE
Transcribing agency GE_BSU
080 ## - UNIVERSAL DECIMAL CLASSIFICATION NUMBER
Universal Decimal Classification number 02
245 ## - TITLE STATEMENT
Title ბეჭდვითი ნაწარმოებთა აღწერილობის ერთიანი წესები
245 ## - TITLE STATEMENT
Statement of responsibility, etc. მთარგმნ. ვ. ანთელავა. აღწერილობათა ნიმუშები შეარჩია თ. დონდუამ. რედ. თ. ნაკაშიძე
260 ## - PUBLICATION, DISTRIBUTION, ETC.
Place of publication, distribution, etc. თბილისი
260 ## - PUBLICATION, DISTRIBUTION, ETC.
Date of publication, distribution, etc. 1954
300 ## - PHYSICAL DESCRIPTION
Extent 190გვ. 21სმ.
653 ## - INDEX TERM--UNCONTROLLED
Uncontrolled term ბეჭდვითი ნაწარმოებთა აღწერილობის ერთიანი წესები
653 ## - INDEX TERM--UNCONTROLLED
Uncontrolled term ბიბლიოთეკარი
653 ## - INDEX TERM--UNCONTROLLED
Uncontrolled term ქსეროქსი
942 ## - ADDED ENTRY ELEMENTS (KOHA)
Koha item type წიგნი
ეგზემპლარები
Withdrawn status Lost status Damaged status Not for loan Date acquired Barcode Date last seen Price effective from Koha item type Public note
        2018-12-17 00424 2018-12-17 2018-12-17 წიგნი ქსეროქსი